000
00332nam a2200133Ia 4500
008
240624s9999 xx 000 0 und d
041
_a
eng
082
_a
658.562 SMI
100
_a
SMITH GERALD F
245
_a
QUALITY PROBLEM SOLVING
260
_c
2000
_a
New Delhi
_b
Prentice-Hall
300
_a
xiv, : 322 : p. : cm. ; 25
365
_c
RS
999
_c
449
_d
449